02116agaaa2200313 45000010005000000030009000050050017000140070009000310080040000400400023000800410013001031000041001161300026001572450149001832500022003322600138003543000034004925080149005265110094006755200645007695380016014145460013014306500066014437000065015097000057015747000053016317000055016847000063017397284IT-RoPAU20220918181226.0d cvaizq50131s9999||||xx ||| | || ||und|| aIT-RoPAUcIT-RoPAU aITALIANO aFo DariogCodice regista SPICS: 6571 aANOMALO BICEFALO (L') aANOMALO BICEFALO (L')cSceneggiatura: Rame Franca Fo Dario -- Diretto da: Fo DariopANOMALO BICEFALO (L') (Rif. Codice opera principale : H7284) aEdizione Standard a(ITALIA)bVIDEOERRE SRL - FABBRI EDITORI - RCS LIBRI / Distribuzione: FABBRI EDITOREg"2004 (1° ed.: 2006 ; Ed. Lingua Orig.: 2004)" aDVDbsonoro, col.c130 minuti a"Montaggio: Angeli Diego; Musica: Carpi Fiorenzo; Sceneggiatura: Rame Franca Fo Dario; Scenografia: Fo Dario; Soggetto: Fo Dario -- Rame Franca" a"Rame Franca; Fo Dario; Brancaccio Alfonso; Marcello; Di; Giacomo Gessica; De; Flamminei" aL'OPERA CI MOSTRA UNO STRANO PERSONAGGIO, PRESIDENTE DEL CONSIGLIO, AL QUALE, IN SEGUITO AD UN ATTENTATO, VIENE TRAPIANTATO IL CERVELLO DI VLADIMIR PUTIN, PERITO IN UN AGGUATO. NE SCATURISCE UNA FIGURA DALLA DOPPIA PERSONALITA', INCAPACE A TRATTI DI RICORDARE IL PROPRIO PASSATO, UN PERSONAGGIO CHE DICE, SI CONTRADDICE, RACCONTA FROTTOLE, VENDE, COMPRA E SVENDE, FINISCE SOTTO PROCESSO MA NE SGUSCIA FUORI OGNI VOLTA COME UN'ANGUILLA, PERCHE' NESSUNO RIESCE A PUNIRLO. SPETTACOLO REGISTRATO IL 21 DICEMBRE 2003 AL TEATRO DIVARESE, AGGIORNATO IL 3 FEBBRAIO 2004 AL TEATRO BELLINI DI NAPOLI. ALLEGATO AL DVD IL VOLUME CARTACEO N. 8407/H7285. aPAL, STEREO aITALIANO aCOMMEDIA - TEATROeDVD-VARI [DVD]xCodice MATERIA SPICS: 9946 aCappa Felicee(regista)gCodice secondo regista SPICS: 51742 aCarpi Fiorenzoe(musica)gCodice Musica SPICS: 13640 aFo Dario e(regista)gCodice regista SPICS: 6571 aFo Dario e(soggetto)gCodice Soggetto SPICS: 6571 aRame Franca e(soggetto)gCodice Soggetto 2° SPICS: 20928